00476 2200193 4500001002100000005001500021035002000036008004100056245005100097100002100148250000600169260003600175300001100211084001400222082000800236650001400244990001200258990001200270INLIS00000000000034220240503082457 a0010-0424000318240503 0 ind 1 aBeberapa Norma Di Indonesia /cYudi Suparyanto aSuparyanto, Yudi a1 aJakarta :bCempaka Putih,c2017 a68 hlm a300 YUD b a300 4aNon Fiksi a0728716 a0728717